大阪府(泉北地域)の駅 - Statistics

General Stats
  • This quiz has been taken 47 times
  • The average score is 30 of 41
Answers on the Map
Answers color-coded by a green-red scale on the quiz's map according to % correct below.
 
Answer Stats
Group 駅名 % Correct
堺市堺区 さかい
100%
堺市堺区 堺市さかいし
91%
堺市北区 中百舌鳥なかもず
91%
堺市堺区 三国ケ丘みくにがおか
89%
和泉市 和泉中央いずみちゅうおう
89%
堺市堺区 堺東さかいひがし
86%
堺市西区 おおとり
86%
和泉市 和泉府中いずみふちゅう
86%
高石市 羽衣はごろも
86%
忠岡町 忠岡ただおか
86%
高石市 高石たかいし
83%
高石市 東羽衣ひがしはごろも
83%
堺市堺区 百舌鳥もず
80%
堺市南区 泉ヶ丘いずみがおか
80%
泉大津市 泉大津いずみおおつ
80%
堺市南区 とが美木多みきた
80%
堺市中区 深井ふかい
77%
堺市南区 光明池こうみょういけ
77%
堺市東区 北野田きたのだ
74%
堺市北区 新金岡しんかなおか
74%
堺市堺区 百舌鳥八幡もずはちまん
71%
堺市北区 北花田きたはなだ
71%
堺市堺区 浅香あさか
69%
堺市北区 白鷺しらさぎ
69%
和泉市 北信太きたしのだ
69%
和泉市 信太山しのだやま
69%
堺市堺区 七道しちどう
66%
堺市堺区 みなと
66%
堺市西区 津久野つくの
66%
堺市西区 浜寺公園はまでらこうえん
66%
堺市西区 上野芝うえのしば
63%
高石市 富木とのき
63%
堺市堺区 浅香山あさかやま
60%
高石市 高師浜たかしのはま
60%
堺市西区 諏訪すわもり
60%
堺市東区 萩原天神はぎはらてんじん
57%
堺市東区 初芝はつしば
57%
堺市西区 石津川いしづがわ
57%
高石市 伽羅橋きゃらばし
54%
泉大津市 北助松きたすけまつ
51%
泉大津市 まつはま
49%
No matching quizzes found
Score Distribution
Percent of People with Each Score
Percentile by Number Answered
Your Score History
You have not taken this quiz